Bahasa Melayu : (Record no. 203462)
[ view plain ]
| 000 -LEADER | |
|---|---|
| fixed length control field | 01003nam a2200301 i 4500 |
| 003 - CONTROL NUMBER IDENTIFIER | |
| control field | OSt |
| 005 - DATE AND TIME OF LATEST TRANSACTION | |
| control field | 20260317111016.0 |
| 008 - FIXED-LENGTH DATA ELEMENTS--GENERAL INFORMATION | |
| fixed length control field | 260317t20252019my a grb 000 0 may d |
| 020 ## - INTERNATIONAL STANDARD BOOK NUMBER | |
| International Standard Book Number | 9789672422785 |
| Terms of availability | RM 35.00 |
| Qualifying information | paperback |
| 040 ## - CATALOGING SOURCE | |
| Original cataloging agency | PPAK |
| Language of cataloging | eng |
| Transcribing agency | PPAK |
| Description conventions | rda |
| 082 04 - DEWEY DECIMAL CLASSIFICATION NUMBER | |
| Edition number | 23 |
| Classification number | 499.2309 |
| 090 00 - LOCALLY ASSIGNED LC-TYPE CALL NUMBER (OCLC); LOCAL CALL NUMBER (RLIN) | |
| Classification number (OCLC) (R) ; Classification number, CALL (RLIN) (NR) | 499.2309 |
| Feature heading | ZAB |
| Feature heading | G |
| 100 0# - MAIN ENTRY--PERSONAL NAME | |
| Personal name | Zaʻba, |
| Fuller form of name | (Zainal Abidin bin Ahmad), |
| Titles and words associated with a name | Pendita, |
| Dates associated with a name | 1895-1973, |
| Relator term | author. |
| 245 10 - TITLE STATEMENT | |
| Title | Bahasa Melayu : |
| Remainder of title | Kelebihannya dan Kekurangan / |
| Statement of responsibility, etc. | ZA'BA |
| 250 ## - EDITION STATEMENT | |
| Edition statement | Edisi Ketiga |
| 264 #1 - PRODUCTION, PUBLICATION, DISTRIBUTION, MANUFACTURE, AND COPYRIGHT NOTICE | |
| Place of production, publication, distribution, manufacture | Kajang, Selangor : |
| Name of producer, publisher, distributor, manufacturer | AKADEMI JAWI MALAYSIA SDN BHD, |
| Date of production, publication, distribution, manufacture, or copyright notice | [2025] |
| Date of production, publication, distribution, manufacture, or copyright notice | ©2019 |
| 300 ## - PHYSICAL DESCRIPTION | |
| Extent | xxix, 124 pages : |
| Other physical details | illustrations ; |
| Dimensions | 20 cm |
| 336 ## - CONTENT TYPE | |
| Content type term | text |
| Source | rdacontent |
| 337 ## - MEDIA TYPE | |
| Media type term | unmediated |
| Source | rdamedia |
| 338 ## - CARRIER TYPE | |
| Carrier type term | volume |
| Source | rdacarrier |
| 490 1# - SERIES STATEMENT | |
| Series statement | Siri Karangan Terpilih |
| 500 ## - GENERAL NOTE | |
| General note | Includes index. |
| 650 10 - SUBJECT ADDED ENTRY--TOPICAL TERM | |
| Topical term or geographic name entry element | Malay language |
| General subdivision | History and criticism |
| Topical term or geographic name entry element | Malay language |
| General subdivision | Usage. |
| 830 #0 - SERIES ADDED ENTRY--UNIFORM TITLE | |
| Uniform title | Siri karangan terpilih |
| 942 ## - ADDED ENTRY ELEMENTS (KOHA) | |
| Source of classification or shelving scheme | Dewey Decimal Classification |
| Koha item type | Book |
| Withdrawn | Not for loan | Current library | Shelving location | Date acquired | Total Checkouts | Full call number | Barcode | Date last seen | Koha item type |
|---|---|---|---|---|---|---|---|---|---|
| Perpustakaan Alor Setar | Pinjaman Dewasa | 31/03/2026 | 499.2309 ZAB | A01912244 | 31/03/2026 | Book | |||
| Perpustakaan Awam Sungai Petani | Pinjaman Dewasa | 31/03/2026 | 499.2309 ZAB | A01912245 | 31/03/2026 | Book | |||
| Perpustakaan Baling | Pinjaman Dewasa | 31/03/2026 | 499.2309 ZAB | A01912249 | 31/03/2026 | Book | |||
| Perpustakaan Bandar Baharu | Pinjaman Dewasa | 31/03/2026 | 499.2309 ZAB | A01912250 | 31/03/2026 | Book | |||
| Perpustakaan Jitra | Pinjaman Dewasa | 31/03/2026 | 499.2309 ZAB | A01912246 | 31/03/2026 | Book | |||
| Perpustakaan Kuala Nerang | Pinjaman Dewasa | 31/03/2026 | 499.2309 ZAB | A01912254 | 31/03/2026 | Book | |||
| Perpustakaan Kulim | Pinjaman Dewasa | 31/03/2026 | 499.2309 ZAB | A01912248 | 31/03/2026 | Book | |||
| Perpustakaan Langkawi | Pinjaman Dewasa | 31/03/2026 | 499.2309 ZAB | A01912247 | 31/03/2026 | Book | |||
| Perpustakaan Merbok | Pinjaman Dewasa | 31/03/2026 | 499.2309 ZAB | A01912251 | 31/03/2026 | Book | |||
| Perpustakaan Pendang | Pinjaman Dewasa | 31/03/2026 | 499.2309 ZAB | A01912255 | 31/03/2026 | Book | |||
| Perpustakaan Sik | Pinjaman Dewasa | 31/03/2026 | 499.2309 ZAB | A01912253 | 31/03/2026 | Book | |||
| Perpustakaan Yan | Pinjaman Dewasa | 31/03/2026 | 499.2309 ZAB | A01912252 | 31/03/2026 | Book |